00611 2200217 4500001002100000005001700021008004100038020001800079035002400097041000800121043001200129082001200141090002100153245004500174260002700219300002900246500004300275650004000318850001200358999002300370YOGYA-0209000005715820090227034151.0 ind  a979-731-732-3 0010-020900000057158 aInd aYOPDYOG a005.369 aDEP 005.369bMah aMAHIR dalam 7 hari microsoft access 2003 aYogyakartabAndic2005 axi, 234 hlmbilusc23 cm aDiterbitkan bekerjasama dengan Madcoms aMicrosoft Access (Program Komputer) aYOPDYOG a2005-185 h CB-D.11